01013nam a2200229 a 450000100100000000500170001000800410002704000250006808200200009310000420011324500520015526000610020730000270026865000300029565000260032565000310035104900090038295201330039195201180052495201240064299900170076600001333820240412074238.0091123s1997 dr a 000 i spa d aDO-SdBNPbspacBNPHU aRD866.44bC965c1 aCuevas Hernández, Juan Pablo93053514aLas cartas de tu ausencia /cJuan Pablo Cuevas. aSanto Domingo :bServicios Gráficos Integrados,c1997. a51 p. :bil. ;c20 cm. 4aCartas dominicanas914827 4aCartas de amor930536 0aLiteratura dominicana.967 aBNPD 001054708DSaGRbGRcCTd2011-04-13iLF1l0oRD866.44 C965cp13338-30r2020-06-25te. 3w2020-06-25yLFDSZPréstamo en sala 0010718PDaPDbPDcCTd2009-11-23iLF1l0oRD866.44 C965cp13338-10r2020-06-25w2020-06-25yLFPDZNo se presta 0010718PDaPDbPDcCTd2009-11-23iLF1l0oRD866.44 C965cp13338-20r2020-06-25te. 2w2020-06-25yLFPDZNo se presta c12966d12966